000 00682nam a2200193Ia 4500
003 GCL
008 140319s9999 xx 000 0 ara d
040 _aGCL /
_cGCL
082 0 4 _a025.4
_bع ن
100 1 _aعبدالوهاب ابوالنور
245 1 0 _aنظم التصنيف فى الوطن العربى : المشكلات والحلول المقترحة /
_cعبدالوهاب ابوالنور
300 _a139 ص
490 _aالهيئة العامة للاستعلامات
_v0
650 0 4 _aالتصنيف
650 0 4 _aالمكتبات، علم
650 0 4 _aنظم التصنيف
650 0 4 _aالتصنيف - المكتبات العربية
942 _2ddc
_cBK
999 _c47755
_d47755